Statistics for Eurovision Trivia - By country

Click here to take the quiz!

General Stats

  • This quiz has been taken 251 times
  • The average score is 13 of 21

Answer Stats

Hint Answer % Correct
Country that has won most timesIreland
98%
First country to winSwitzerland
91%
Country that has hosted the most timesUnited Kingdom
90%
Country Celine Dion representedSwitzerland
90%
Country that entered only once, sang in Arabic in 1980Morocco
87%
Smallest country to have wonMonaco
84%
Country that has won five times, all with foreign singersLuxembourg
77%
Country with the youngest ever winnerBelgium
73%
Country to have entered the longest without winningPortugal
73%
Country that has come last the most timesNorway
72%
Country that won in 1979, but did not host or even enter the next yearIsrael
72%
Country that won on its debut entry (besides the first ever winner)Serbia
65%
Country represented by a puppetIreland
65%
Most successful country that has not wonMalta
51%
First country to officially receive 'nul points'Belgium
42%
Country that entered the youngest ever contestantFrance
41%
Country that hosted the largest audience (38,000 people)Denmark
40%
Country that is rumoured to have won thanks to briberySpain
36%
Country that has only been represented by a native 4 timesLuxembourg
35%
First country to enter a drag actNorway
27%
Country with the oldest ever winnerEstonia
24%

Score Distribution

Percentile by Number Answered

Percent of People with Each Score

Your Score History

You have not taken this quiz